| 000 | 00448nam a2200169Ia 4500 | ||
|---|---|---|---|
| 999 |
_c28483 _d28483 |
||
| 003 | OSt | ||
| 005 | 20201202095527.0 | ||
| 008 | 190216s9999||||xx |||||||||||||| ||und|| | ||
| 040 | _coclc | ||
| 082 |
_a894.8123 _bAJA/R |
||
| 100 |
_aAjayan _97110 |
||
| 245 | 0 |
_aRagendumukhikal / _cAjayan |
|
| 260 |
_bPen Books, _aAluva: _c2002. |
||
| 300 | _a184p | ||
| 650 | _aNovel | ||
| 942 |
_cBK _2ddc _h894.8123 _iAJA/R _k894.8123 _mAJA/R |
||